01045nam a2200229 i 450000100060000000300090000600500170001500700030003200800410003508000100007610000270008624502430011326000700035630000210042665000350044765000370048270000380051971000570055785200620061499900170067695201220069318780ES-MaACL20251009200106.0t|020313s2001 sp |||| | spa d a78.011 aBarce, Ramón.92549610aNaturaleza, símbolo y sonido b: discurso del académico electo Excmo. Sr. D. Ramón Barce Benito, leído en el Acto de su recepción pública el día 21 de enero de 2001 y contestación del Excmo. Sr. D. Antonio Gallego Gallego. aMadrid : bReal Academia de Bellas Artes de San Fernando, c2001. a38 p. ; c24 cm.14aMúsica-xFilosofía.915389 7aEstética musical2embne9125481 aGallego, Antonio, d1942-91672112 aReal Academia de Bellas Artes de San Fernando.96291 aES-MaACLjL-25343 z. - Dedicatoria autógrafa del autor c18780d18780 00104070aATENEOMbATENEOMcDEPO2d2008-01-17eSCl0oL-25343p1019217r2023-02-23 00:00:00w2023-02-23yMONOGRAFIA